| 000 | 00865nam a2200229 a 4500 | ||
|---|---|---|---|
| 999 |
_c5910 _d5910 |
||
| 001 | 5910 | ||
| 003 | BD-JhCC | ||
| 005 | 20171231114624.0 | ||
| 008 | 171230s1965 bg a|||| ||a| 000 0 ben d | ||
| 035 | _a(BD-JhCC) 5910 | ||
| 040 |
_aBD-JhCC _dBD-JhCC |
||
| 041 | _aben | ||
| 082 |
_a630 _bKAM 1965 |
||
| 100 | _aকামালুদ্দিন, এ.এস.এম | ||
| 245 |
_aছোটদের কৃষি-বিজ্ঞান অষ্টম শ্রেণীর জন্য / _cএ.এস.এম কামালুদ্দিন, মোহম্মদ মোস্তফা আলী |
||
| 260 |
_aঢাকা : _bআহমদ পাবলিশিং হাউস , _c1965 |
||
| 300 |
_a130 p .: _c17 cm |
||
| 650 | _aAgriculture Science | ||
| 700 | _aআলী, মোহম্মদ মোস্তফা | ||
| 942 |
_2ddc _cBK |
||